Constitucin̤ Polt̕ica de Colombia

Bibliographic Details
Format: eBook
Language:Spanish
Published: Bogot ̀: ECOE, 2009
Subjects:
Online Access:http://www.vlex.com/source/6842

MARC

LEADER 00000nam a22000007a 4500
005 20130125125505.0
007 cr|||| ||||
008 130125e2009 ck |||||s|||| 00||0 spa d
020 |a 958648016X 
035 |a 6842 
040 |a vLex 
090 |c 3609  |d 3609 
245 0 0 |a Constitucin̤ Polt̕ica de Colombia  |h [Recurso electrn̤ico] 
256 |a Servicio en ln̕ea 
260 |a Bogot ̀:  |b ECOE,   |c 2009  
300 |a 1 Recurso electrn̤ico 
650 0 4 |a Derecho constitucional  |z Colombia 
740 |a vLex libros (Servicio en ln̕ea) 
856 |a Acceso restringido  |u http://www.vlex.com/source/6842 
942 |c BOOK 
999 0 |a Constitutional law